Guess the song from its initials!! (Musicals) - Statistics

General Stats
  • This quiz has been taken 331 times
    313 since last reset
  • The average score is 8 of 15
Answer Stats
Hint Answer % Correct
I.J.C.W.T.B.K (lion King) I just can't wait to be king
87%
I.D.A.D (Les Miserables) I dreamed a dream
80%
D.G (Wicked) Defying Gravity
77%
G.G.G (A.M.A.M) (Mamma Mia) Gimme! Gimme! Gimme! (A Man After Midnight)
74%
D.C.F.M.A (Evita) Don't Cry for Me Argentina
72%
T.M.O.T.N (Phantom) The Music of the night
68%
G.M (Singing in the rain) Good Morning
67%
M.F.T (Sound of Music) My Favorite Things
61%
I.F.P (West side story) I feel Pretty
52%
W.I.G.U (Matilda) When I Grow Up
49%
A (Into the woods) Agony
44%
T.W.P.I.L (Sweeney Todd) The Worst Pies In London
27%
B.D (Miss Saigon) Bui Doi
20%
J.B (Seven brides for seven brothers) June Bride
10%
H.T.A.H (Calamity Jane) Higher Than A Hawk
6%
No matching quizzes found
Score Distribution
Percent of People with Each Score
Percentile by Number Answered
Your Score History
You have not taken this quiz since the last reset